000 00716nam a22002297a 4500
005 20170124110102.0
010 _aA-371739
020 _c00.00
_a8185167230
035 _aA-371739
037 _bCen Lib/Ret
040 _aDPL
_bEN
082 _a954.09
_bNEH
245 _aNehru :
_cedited by R.S. Darda
_ba panoramic profile /
260 _bHimanshu Publications
_c1989
_aUdaipur
270 _a5-k/51, ram singh ki badi, sector-11
_bUdaipur
300 _a102p.
_c21cm(Hb)
500 _aIncludes bibliographical references and index
650 _aPlotical science
_927315
650 _aSocial-economic context
_927316
700 _aDarda, R.S.
_975436
942 _2ddc
_cEN
_h954.09
_mNEH
999 _c129758
_d129758